Fußball: Rekordnationalspieler Belgien - Statistiken

Allgemein
  • Dieses Quiz wurde 284 mal gespielt
    96 seit der letzten Aktualisierung
  • Das Durchschnittsergebnis liegt bei 9 aus 24
Antwortstatistiken
Jahr des Debüt Spiele Tore Spieler % Korrekt
2010 101 27 Kevin de Bruyne
96%
2010 115 85 Romelu Lukaku
96%
2011 102 0 Thibaut Courtois
88%
2008 126 33 Eden Hazard
83%
2007 154 10 Jan Vertonghen
74%
2009 127 5 Toby Alderweireld
60%
2008 132 12 Axel Witsel
59%
2004 89 4 Vincent Kompany
47%
2015 74 11 Yannick Carrasco
41%
2011 109 21 Dries Mertens
39%
2006 85 2 Thomas Vermaelen
37%
2001 85 10 Daniel van Buyten
33%
2007 87 18 Marouane Fellaini
33%
1990 70 29 Marc Wilmots
26%
2006 82 5 Mousa Dembele
21%
1984 84 18 Enzo Scifo
9%
1975 86 3 Eric Gerets
8%
1984 86 1 Franky van der Elst
8%
2001 94 6 Timmy Simons
8%
1977 96 23 Jan Ceulemans
6%
1999 78 13 Bart Goor
3%
1984 77 6 Georges Grün
3%
1960 81 30 Paul van Himst
2%
1990 70 8 Lorenzo Staelens
1%
Keine übereinstimmenden Quizze gefunden
Verteilung der Resultate
Anzahl Personen mit jedem Resultat
Perzentil nach korrekt beantworteten Fragen
Ihre Resultats-Entwicklung
Sie haben dieses Quiz seit der letzten Aktualisierung nicht gespielt